000 00743cam a2200241 a 4500
020 _a0780304438
040 _cDLC
082 0 0 _a629 IEE 1994 A048 Or.
245 0 0 _aNumerical linear algebra techniques for systems and control /
260 _aPiscataway, NJ :
_bIEEE Press,
_cc1994.
300 _axi, 724 p. :
_bill. ;
_c29 cm.
500 _a"IEEE Control Systems Society, sponsor."
500 _a"A selected reprint volume."
500 _a"IEEE order number: PC0340-0"--T.p. verso.
650 0 _aAlgebras, Linear.
650 0 _aNumerical calculations.
650 0 _aControl theory.
700 1 _aPatel, R. V.
700 1 _aLaub, Alan J.,
700 1 _aDooren, Paul van.
710 2 _aIEEE Control Systems Society.
942 _cEK
999 _c13851
_d13851